00000000nam 2200000za 4500
0019.686303
003CaOODSP
00520210624230456
007cr |||||||||||
008150407s2002    onc|||||o    f|0| 0 eng d
020 |a0-662-32250-9
040 |aCaOODSP|beng
043 |an-cn---
0861 |aD82-39/2001E-PDF|zD82-39/2001E-IN
24500|aBe prepared not scared |h[electronic resource] : |bemergency preparedness starts with you.
260 |aOttawa : |bOffice of Critical Infrastructure Protection and Emergency Preparedness, |c2001.
300 |a24 p. : |bill.
500 |aThe catalogue number and the ISBN for the print edition have been incorrectly printed in this electronic edition.
69007|aEmergency preparedness|2gcpds
7101 |aCanada.|bOffice of Critical Infrastructure Protection and Emergency Preparedness.
77508|tSe préparer, non s'inquiéter |w(CaOODSP)9.630779
7760#|tBe prepared not scared : |w(CaOODSP)9.648097
794 |tBe prepared, not scared |w(CaOODSP)9.573132
795 |tBe prepared not scared |w(CaOODSP)9.695650
85640|ahttp://publications.gc.ca|qPDF|s2,026 KB|uhttps://publications.gc.ca/collections/Collection/D82-39-2001E.pdf